000 00291nam a22001337a 4500
020 _a978-9401163750
041 _aENG
100 _aDent,J,B
245 _aSystems Simulation In Agriculture
260 _aDelhi
_bApplied
_c1998
300 _a180
650 _aSWCE (06)
856 _uSWCE (06)
999 _c2908
_d2908